000 00511nam a2200181Ia 4500
003 GCL
008 140319s9999 xx 000 0 ara d
040 _aGCL /
_cGCL
082 0 4 _a413.1
_bع م
100 1 _aعلى القاسمى
245 1 0 _aمقدمة فى علم المصطلح /
_cعلى القاسمى
260 _a[S.N] :
_bمكتبة النهضة المصرية ،
_c1985
300 _a265 ص
490 _a
650 0 4 _aاللغة العربية
650 0 4 _aالمعاجم
942 _2ddc
_cBK
999 _c29659
_d29659